[Event "Ä13Â"]
[Site "Loo"]
[Date "2017.04.28"]
[Round "9.1"]
[White "Íàñûðîâà, Åêàòåðèíà."]
[Black "Êèð÷åé, Âèêòîðèÿ."]
[Result "0-1"]
[WhiteElo "1955"]
[BlackElo "1814"]
[PlyCount "50"]
[EventDate "2017.04.20"]

1. d4 Nf6 2. c4 e6 3. Nc3 Bb4 4. Bg5 c5 5. d5 d6 6. e3 exd5 7. cxd5 Nbd7 8. Bd3
Qa5 9. Nge2 Nxd5 10. O-O Bxc3 11. bxc3 c4 12. Be4 Nxc3 13. Nxc3 Qxg5 14. Qxd6
Qc5 15. Rfd1 Qxd6 16. Rxd6 Nc5 17. Bf3 Ke7 18. Rd4 Be6 19. Bd5 Rac8 20. e4 b6
21. Nb5 a6 22. Na7 Rc7 23. Nc6+ Kf6 24. f4 g6 25. Rxc4 Rxc6 0-1

[Event "Ä13Â"]
[Site "Loo"]
[Date "2017.04.28"]
[Round "9.2"]
[White "Àëåêñååíêî, Ìàðèÿ."]
[Black "Ñòåïàíÿí, Ýâà."]
[Result "0-1"]
[WhiteElo "1684"]
[BlackElo "1938"]
[PlyCount "90"]
[EventDate "2017.04.20"]

1. c4 e6 2. Nf3 d5 3. b3 d4 4. Bb2 c5 5. g3 Nc6 6. d3 Nf6 7. Bg2 e5 8. O-O Bd6
9. e3 O-O 10. exd4 cxd4 11. Na3 Bf5 12. Nc2 Re8 13. Qd2 a5 14. Nh4 Bd7 15. Rfe1
Qc7 16. h3 h6 17. Nf3 Bf5 18. g4 Bg6 19. Nh4 Bh7 20. Be4 Nxe4 21. Rxe4 Bxe4 22.
dxe4 Ne7 23. a3 a4 24. b4 Qxc4 25. Ne1 Rac8 26. Kh2 Ng6 27. Nxg6 fxg6 28. f3
Be7 29. Qd1 b5 30. Kg1 Bg5 31. Kg2 Bh4 32. Rc1 Qa2 33. Nd3 Rxc1 34. Qxc1 Qc4
35. Qd1 Rc8 36. Nc5 Be7 37. Nd3 Qc2+ 38. Qxc2 Rxc2+ 39. Kf1 Rd2 40. Nxe5 Rxb2
41. Nxg6 Kf7 42. Ne5+ Ke6 43. Nd3 Rb3 44. Nf4+ Kd7 45. e5 Rxf3+ 0-1

[Event "Ä13Â"]
[Site "Loo"]
[Date "2017.04.28"]
[Round "9.3"]
[White "Ñîâèíà, Ìàðèÿ."]
[Black "Êóçíåöîâà, Ìàðèíà."]
[Result "1-0"]
[WhiteElo "1734"]
[BlackElo "1649"]
[PlyCount "65"]
[EventDate "2017.04.20"]

1. d4 Nf6 2. c4 e6 3. Nc3 d5 4. cxd5 exd5 5. Bg5 Be7 6. e3 c6 7. Bd3 Nbd7 8.
Qc2 O-O 9. Nge2 Re8 10. O-O Nf8 11. f3 h6 12. Bh4 b6 13. e4 Bb7 14. e5 N6d7 15.
Bxe7 Qxe7 16. Ng3 g6 17. f4 c5 18. Nb5 Ba6 19. Nd6 Bxd3 20. Qxd3 c4 21. Qf3
Red8 22. Qxd5 Nf6 23. Qxc4 Ng4 24. Qe2 Nxh2 25. Rf2 Rxd6 26. exd6 Qh4 27. Ne4
Re8 28. g3 Rxe4 29. gxh4 Rxe2 30. Rxe2 Nf3+ 31. Kf2 Nxd4 32. d7 Nxd7 33. Rd2
1-0

[Event "Ä13Â"]
[Site "Loo"]
[Date "2017.04.28"]
[Round "9.4"]
[White "Áîäíàðóê, Êñåíèÿ."]
[Black "Õóðõåñîâà, Âèêòîðèÿ."]
[Result "0-1"]
[WhiteElo "1677"]
[BlackElo "1694"]
[PlyCount "184"]
[EventDate "2017.04.20"]

1. e4 e5 2. Nf3 Nc6 3. Bc4 Nf6 4. d3 Be7 5. Be3 O-O 6. O-O d6 7. c3 Na5 8. Bb5
a6 9. Ba4 b5 10. Bc2 c5 11. Nbd2 Nc6 12. d4 exd4 13. cxd4 Bg4 14. d5 Ne5 15. h3
Bxf3 16. Nxf3 Nc4 17. Bc1 Nd7 18. b3 Bf6 19. Rb1 Nce5 20. Nxe5 Nxe5 21. f4 Nd7
22. Qd3 Bd4+ 23. Be3 Bxe3+ 24. Qxe3 Re8 25. Rbe1 Qa5 26. Bb1 g6 27. f5 Ne5 28.
f6 Nd7 29. Re2 Qb4 30. Ref2 Kh8 31. Qh6 Rg8 32. Rf4 Qd4+ 33. Kh1 Qe3 34. g4
Nxf6 35. g5 Nh5 36. R4f3 Qd4 37. Rxf7 Rg7 38. Rxg7 Qxg7 39. Qxg7+ Kxg7 40. Kg2
Rf8 41. Rxf8 Kxf8 42. Kf3 Ke7 43. Bd3 Ng7 44. h4 Kd7 45. a4 bxa4 46. bxa4 a5
47. Bb5+ Kc7 48. Bc4 Kd7 49. Be2 Nh5 50. Bb5+ Ke7 51. Bc4 Ng7 52. Bb5 Nh5 53.
Kg4 Ng7 54. Kf3 Nh5 55. Ke3 Ng3 56. Kf4 Nh5+ 57. Ke3 Ng3 58. Kf3 Nh5 59. Be2
Kf7 60. Bb5 Ke7 61. Bc4 Ng7 62. Bb5 Nh5 63. Bd3 Kd7 64. Ke3 Ng3 65. Kd2 Nh1 66.
Ke3 Ng3 67. Kf3 Nh5 68. Ke3 Ng3 69. Be2 Nxe2 70. Kxe2 Kc7 71. Kd3 Kb7 72. Kc3
Kc7 73. Kd3 Kb7 74. Kc4 Kb6 75. Kb3 Kc7 76. Kc3 Kb7 77. Kd3 Kc7 78. Ke3 Kb6 79.
Kd3 Kb7 80. Ke3 Kb6 81. Kd3 Kb7 82. Kc3 Kc7 83. Kd3 Kb7 84. Ke3 Kb6 85. e5 dxe5
86. Ke4 c4 87. Kxe5 c3 88. d6 c2 89. Ke6 c1=Q 90. d7 Kc7 91. Ke7 Qe3+ 92. Kf7
Kxd7 0-1

[Event "Ä13Â"]
[Site "Loo"]
[Date "2017.04.28"]
[Round "9.5"]
[White "ßêèìîâà, Ìàðèÿ."]
[Black "Ìàëüöåâà, Åêàòåðèíà."]
[Result "1-0"]
[WhiteElo "1730"]
[BlackElo "1671"]
[PlyCount "101"]
[EventDate "2017.04.20"]

1. e4 c5 2. Nf3 d6 3. d4 cxd4 4. Nxd4 Nf6 5. Nc3 g6 6. Be3 Bg7 7. f3 O-O 8. Bc4
Nc6 9. Qd2 Bd7 10. h4 h5 11. Bb3 Rc8 12. O-O-O Ne5 13. Bg5 b5 14. Ncxb5 Bxb5
15. Nxb5 Qb6 16. Nd4 Rc7 17. Kb1 a5 18. a4 Nc4 19. Qe2 Rfc8 20. Nb5 Rc6 21. g4
Rc5 22. Rdg1 hxg4 23. fxg4 Nxe4 24. Qxe4 Rxg5 25. Bxc4 Re5 26. Qd3 Re3 27. Qf1
d5 28. Bxd5 e6 29. Bb3 Qc5 30. c3 Qb6 31. Qf2 Rd8 32. Rg3 Rdd3 33. Rxe3 Qxe3
34. Qxe3 Rxe3 35. g5 Re4 36. Nd6 Rf4 37. Bc2 Be5 38. Ne4 Kg7 39. b4 axb4 40.
cxb4 f5 41. gxf6+ Bxf6 42. b5 Bxh4 43. Kb2 Bd8 44. Kc3 Ba5+ 45. Kd4 Rg4 46. Bd3
Kf7 47. Rh7+ Kf8 48. Ke5 Rg1 49. Kxe6 g5 50. Nf6 Bc3 51. Rf7# 1-0

[Event "Ä13Â"]
[Site "Loo"]
[Date "2017.04.28"]
[Round "9.6"]
[White "Êðóïíîâà, Àííà."]
[Black "Ìèðîíåíêî, Ãàëèíà."]
[Result "1/2-1/2"]
[WhiteElo "1556"]
[BlackElo "1956"]
[PlyCount "90"]
[EventDate "2017.04.20"]

1. d4 Nc6 2. Nf3 d5 3. Bf4 Bg4 4. e3 e6 5. Be2 Nf6 6. O-O Bd6 7. Bg3 O-O 8.
Nbd2 Qe7 9. a3 a5 10. c4 Rad8 11. Qb3 Ne4 12. Rfd1 Bxg3 13. hxg3 Nxd2 14. Rxd2
dxc4 15. Bxc4 Bxf3 16. gxf3 Ne5 17. Be2 c5 18. Rad1 cxd4 19. Rxd4 Rxd4 20. Rxd4
Qc7 21. f4 Nc6 22. Rc4 Rd8 23. Bf3 Rd6 24. Qc3 f6 25. b4 axb4 26. axb4 Qb6 27.
Kg2 Kf7 28. g4 h6 29. Kg3 g5 30. f5 exf5 31. gxf5 Qc7 32. Kg2 Qb6 33. Qb3 Kg7
34. Qc3 Qd8 35. b5 Ne7 36. Rc7 Rd7 37. b6 Nxf5 38. Rxd7+ Qxd7 39. Qc7 Qf7 40.
Qxb7 Ne7 41. Qc7 g4 42. b7 gxf3+ 43. Kf1 Qd5 44. Qxe7+ Kg6 45. Qe8+ Kg5 1/2-1/2

[Event "Ä13Â"]
[Site "Loo"]
[Date "2017.04.28"]
[Round "9.7"]
[White "Ñîñíèíà, Íàäåæäà."]
[Black "Êàñàåâà, Ñîôèÿ."]
[Result "1-0"]
[WhiteElo "1610"]
[BlackElo "1661"]
[PlyCount "89"]
[EventDate "2017.04.20"]

1. e4 c5 2. Nf3 e6 3. d4 cxd4 4. Nxd4 a6 5. Nc3 Qc7 6. a3 Nf6 7. f4 d6 8. g4
Nc6 9. g5 Nd7 10. Nxc6 bxc6 11. Qf3 d5 12. e5 Bb7 13. Bg2 Rb8 14. O-O c5 15.
Qh3 g6 16. Qh4 Bg7 17. Rd1 Qb6 18. Kh1 Bc6 19. Re1 Qb7 20. a4 Qb4 21. Qg3 Qb7
22. Ra3 Qc7 23. Ra1 Nb6 24. b3 Nd7 25. Ba3 Bb7 26. Rad1 c4 27. Bd6 Qc8 28. Bxb8
Qxb8 29. bxc4 dxc4 30. Ne4 Bxe4 31. Rxe4 Nb6 32. a5 Nd5 33. Rxc4 O-O 34. Rcd4
Ne7 35. Rd7 Nf5 36. Qb3 Qc8 37. Qd3 Qc5 38. Ra1 Ne3 39. Be4 Ng4 40. Qd4 Qb5 41.
Bf3 Ne3 42. Rb7 Nxc2 43. Qc3 Qe8 44. Qxc2 Qd8 45. Qd1 1-0

[Event "Ä13Â"]
[Site "Loo"]
[Date "2017.04.28"]
[Round "9.8"]
[White "Âîñòðèêîâà, Ñòàíèñëàâà."]
[Black "Äàøèíà, Ñîôèÿ."]
[Result "0-1"]
[WhiteElo "1519"]
[BlackElo "1644"]
[PlyCount "74"]
[EventDate "2017.04.20"]

1. e4 e5 2. Nf3 Nc6 3. Bb5 a6 4. Ba4 d6 5. c3 g6 6. O-O Bd7 7. d3 Bg7 8. Bg5
Nge7 9. Re1 O-O 10. Qd2 f5 11. Bb3+ Kh8 12. Bh6 Na5 13. Bxg7+ Kxg7 14. d4 Nxb3
15. axb3 fxe4 16. Ng5 d5 17. dxe5 Qc8 18. e6 Bxe6 19. f3 h6 20. Nxe6+ Qxe6 21.
Qd4+ Kh7 22. fxe4 Nf5 23. Qxd5 Qb6+ 24. Kh1 Rad8 25. Qa5 Qf2 26. Qxc7+ Kg8 27.
Qc4+ Rf7 28. Na3 Ne3 29. Rxe3 Qxe3 30. Qe6 Kg7 31. Qe5+ Kh7 32. Nc4 Qf2 33. h3
Qf6 34. Qxf6 Rxf6 35. e5 Re6 36. Nd6 Rd7 37. Re1 Rdxd6 0-1

[Event "Ä13Â"]
[Site "Loo"]
[Date "2017.04.28"]
[Round "9.9"]
[White "Ãðàíêèíà, Àëèñà."]
[Black "Òî÷èëêèíà, Åêàòåðèíà."]
[Result "1-0"]
[WhiteElo "1585"]
[BlackElo "1633"]
[PlyCount "99"]
[EventDate "2017.04.20"]

1. e4 c5 2. Ne2 Nc6 3. d4 cxd4 4. Nxd4 g6 5. Nc3 Bg7 6. Nb3 Nf6 7. Be2 O-O 8.
Bg5 d6 9. O-O Be6 10. Kh1 h6 11. Bh4 Qd7 12. f4 Bg4 13. Bxg4 Qxg4 14. Qxg4 Nxg4
15. Rfe1 Bxc3 16. bxc3 Kg7 17. Nd4 Nf6 18. Rab1 Rab8 19. e5 dxe5 20. fxe5 Ng8
21. Bf2 a6 22. Rb6 Rfc8 23. e6 f5 24. Bg3 Ra8 25. Rxb7 Nxd4 26. Be5+ Kf8 27.
Bxd4 Rcb8 28. Reb1 Rxb7 29. Rxb7 Ke8 30. Kg1 h5 31. Bc5 Kd8 32. Kf2 a5 33. a4
g5 34. g3 g4 35. Rd7+ Ke8 36. Ra7 Rxa7 37. Bxa7 Nf6 38. Ke3 Nd5+ 39. Kd4 Nc7
40. Ke5 f4 41. gxf4 h4 42. Bf2 Na8 43. f5 g3 44. hxg3 hxg3 45. Bxg3 Nb6 46. Kd4
Nxa4 47. Bc7 Kf8 48. Bxa5 Kg7 49. Ke5 Nc5 50. Bb4 1-0

[Event "Ä13Â"]
[Site "Loo"]
[Date "2017.04.28"]
[Round "9.10"]
[White "Íóð-Ìóõàìåòîâà, Àëèñà."]
[Black "Ïàðñåãÿí, Êñåíèÿ."]
[Result "1-0"]
[WhiteElo "1723"]
[BlackElo "1558"]
[PlyCount "115"]
[EventDate "2017.04.20"]

1. Nf3 f5 2. g3 c6 3. Bg2 d5 4. d3 e6 5. O-O Nf6 6. c4 Nbd7 7. Nc3 Bd6 8. Re1
O-O 9. e4 Bb4 10. cxd5 cxd5 11. e5 Ne8 12. d4 Nb6 13. Bg5 Qd7 14. Rc1 h6 15.
Be3 Nc4 16. Re2 b6 17. Qb3 Bxc3 18. Rxc3 Ba6 19. Re1 Nxe3 20. fxe3 Nc7 21. a4
Rfc8 22. Rec1 Ne8 23. Nd2 Rc7 24. Rxc7 Nxc7 25. Qa3 Ne8 26. Kf2 Kf7 27. b4 Rc8
28. b5 Bb7 29. Bf1 Rxc1 30. Qxc1 Qc7 31. Qxc7+ Nxc7 32. Nb3 a5 33. Nc5 Bc8 34.
Nd3 Bd7 35. Nc5 Bc8 36. Nb3 Bb7 37. h4 g6 38. Be2 Ke7 39. g4 Bc8 40. Kg3 Bd7
41. Nxa5 Nxb5 42. axb5 bxa5 43. b6 Bc8 44. Bb5 Bb7 45. g5 hxg5 46. hxg5 Kd8 47.
Kf2 Kc8 48. Ke2 Kd8 49. Kd2 Ke7 50. Kc3 Kd8 51. Kb3 Ke7 52. Ka4 Kd8 53. Kxa5
Kc8 54. Ba6 Kb8 55. Bxb7 Kxb7 56. Kb5 Kb8 57. Kc6 Kc8 58. Kd6 1-0

[Event "Ä13Â"]
[Site "Loo"]
[Date "2017.04.28"]
[Round "9.11"]
[White "Ìàêàðåíêî, Åëèçàâåòà."]
[Black "Êàðïîâà, Ëàðèñà."]
[Result "1-0"]
[WhiteElo "1386"]
[BlackElo "1608"]
[PlyCount "125"]
[EventDate "2017.04.20"]

1. c4 c6 2. Nc3 e6 3. Nf3 d5 4. cxd5 exd5 5. d4 Nf6 6. Bg5 Be7 7. e3 h6 8. Bh4
O-O 9. Bd3 Nbd7 10. O-O Re8 11. Rb1 Nf8 12. b4 a6 13. a4 b5 14. a5 Bg4 15. Be2
Ng6 16. Bg3 Rc8 17. h3 Bf5 18. Bd3 Ne4 19. Bxe4 dxe4 20. Nd2 Bf6 21. Nb3 Be7
22. Nc5 Bxc5 23. dxc5 Qf6 24. Qc2 Rcd8 25. Rbd1 Qe6 26. Ne2 Qc8 27. Nd4 Ne7 28.
Bh4 g5 29. Bg3 Nd5 30. Qb2 Bg6 31. Ne2 Kh7 32. Rd2 h5 33. Rfd1 h4 34. Bd6 Bh5
35. Rc1 Bxe2 36. Rxe2 Qe6 37. Rd2 Rg8 38. Re1 Rg6 39. Rd4 Rdg8 40. Qb1 f5 41.
Kh2 g4 42. Red1 Nc3 43. Qc2 Nxd1 44. Qxd1 gxh3 45. g3 Rh6 46. Bf4 hxg3+ 47.
fxg3 Rhg6 48. Rd6 Qa2+ 49. Rd2 Qc4 50. Rd4 Qe6 51. Rd6 Qa2+ 52. Rd2 Qa4 53.
Qh5+ Kg7 54. Bh6+ Kf7 55. Qxf5+ Rf6 56. Qh7+ Ke6 57. Qxg8+ Ke5 58. Bg7 Qxb4 59.
Bxf6+ Kxf6 60. Rd6+ Kf5 61. Qf7+ Kg5 62. Rg6+ Kh5 63. Qh7# 1-0

[Event "Ä13Â"]
[Site "Loo"]
[Date "2017.04.28"]
[Round "9.12"]
[White "Òîêìàêîâà, Óëüÿíà."]
[Black "Äèâååâà, Äàðüÿ."]
[Result "1/2-1/2"]
[WhiteElo "1315"]
[BlackElo "1451"]
[PlyCount "82"]
[EventDate "2017.04.20"]

1. Nf3 Nf6 2. b3 g6 3. Bb2 Bg7 4. e3 d5 5. Be2 b6 6. O-O O-O 7. Ne5 Bb7 8. f4
c5 9. d3 e6 10. Nd2 Nbd7 11. Nxd7 Qxd7 12. Nf3 Rac8 13. Qd2 Rfd8 14. Rad1 Qe7
15. Qc1 a6 16. Qa1 b5 17. Ne5 Re8 18. Bf3 Red8 19. Rde1 Nd7 20. Nc6 Bxc6 21.
Bxg7 Re8 22. e4 dxe4 23. dxe4 e5 24. fxe5 Nxe5 25. Bh6 Nxf3+ 26. Rxf3 Qe5 27.
Qxe5 Rxe5 28. Ref1 Be8 29. Rf6 Rc6 30. Rxc6 Bxc6 31. Rf6 Re6 32. Rxe6 fxe6 33.
e5 Be4 34. Be3 Bxc2 35. Bxc5 Bb1 36. a3 Bc2 37. b4 Kf7 38. Kf2 Be4 39. g3 Bd5
40. Ke3 Ke8 41. Kf4 Kf7 1/2-1/2

[Event "Ä13Â"]
[Site "Loo"]
[Date "2017.04.28"]
[Round "9.13"]
[White "Øåñòàêîâà, Áîãäàíà."]
[Black "×åðåïàíîâà, Ýâèòà."]
[Result "1/2-1/2"]
[WhiteElo "1526"]
[BlackElo "1612"]
[PlyCount "80"]
[EventDate "2017.04.20"]

1. Nf3 d5 2. g3 Nf6 3. Bg2 Bf5 4. d4 e6 5. O-O Be7 6. c4 c6 7. c5 O-O 8. Ne5
Nbd7 9. f4 Qc7 10. Nc3 b6 11. b4 a5 12. b5 Nxe5 13. fxe5 Nd7 14. cxb6 Nxb6 15.
bxc6 Qxc6 16. Bd2 Ba3 17. Qb3 Bb4 18. Bxd5 exd5 19. Rxf5 Nc4 20. Be1 Rab8 21.
Rf3 Qb6 22. e3 Qe6 23. Qd1 Rfc8 24. Ne2 Nb2 25. Nf4 Nxd1 26. Nxe6 Nxe3 27. Bxb4
Rxb4 28. Nf4 Nc2 29. Nxd5 Nxa1 30. Ne7+ Kf8 31. Nxc8 Rxd4 32. Nd6 f6 33. Nb7
Rd1+ 34. Kg2 Rd2+ 35. Rf2 Rxf2+ 36. Kxf2 a4 37. exf6 gxf6 38. a3 Nc2 39. Nc5
Nxa3 40. Nxa4 Nc4 1/2-1/2

[Event "Ä13Â"]
[Site "Loo"]
[Date "2017.04.28"]
[Round "9.14"]
[White "Çàâèâàåâà, Ýìèëèÿ."]
[Black "Áîíäàðåâà, Äàðüÿ."]
[Result "0-1"]
[WhiteElo "1490"]
[BlackElo "1778"]
[PlyCount "56"]
[EventDate "2017.04.20"]

1. e4 e5 2. Nf3 Nc6 3. Bb5 a6 4. Ba4 Nf6 5. d3 b5 6. Bb3 Be7 7. Nbd2 O-O 8. h3
d5 9. exd5 Nxd5 10. Ne4 h6 11. g4 Nf6 12. Ng3 Nh7 13. Be3 Kh8 14. Qd2 f5 15.
gxf5 Bxf5 16. Nxf5 Rxf5 17. Qe2 Qd6 18. O-O-O a5 19. a3 a4 20. Ba2 b4 21. axb4
a3 22. Bc5 axb2+ 23. Kxb2 Qf6 24. Nd2 Bxc5 25. bxc5 e4+ 26. c3 exd3 27. Qe6
Rb8+ 28. Kc1 Qxc3# 0-1

[Event "Ä13Â"]
[Site "Loo"]
[Date "2017.04.28"]
[Round "9.15"]
[White "Ñåì¸íîâà, Äàðüÿ."]
[Black "Åðøîâà, Ìàðãàðèòà."]
[Result "1/2-1/2"]
[WhiteElo "1429"]
[BlackElo "1593"]
[PlyCount "81"]
[EventDate "2017.04.20"]

1. d4 d6 2. Nf3 Bg4 3. c4 Nd7 4. Qb3 Qc8 5. h3 Bh5 6. g3 c5 7. Bg2 Rb8 8. Be3
a6 9. Nc3 Ngf6 10. O-O e6 11. Rad1 Be7 12. dxc5 Nxc5 13. Bxc5 dxc5 14. Qa4+ Kf8
15. Rd2 Bxf3 16. Bxf3 g6 17. Rfd1 Kg7 18. Qb3 Rd8 19. Rxd8 Bxd8 20. h4 h5 21.
e3 Be7 22. Qb6 Nd7 23. Qb3 Qc7 24. Qc2 Nf6 25. Ne2 b5 26. b3 Nd7 27. Nf4 Ne5
28. Bg2 bxc4 29. bxc4 Rb4 30. Bf1 Bf6 31. a3 Rb2 32. Qa4 Qb6 33. Nd3 Nxd3 34.
Bxd3 Be5 35. Qe8 Bd6 36. Qd7 Be5 37. Qe7 Bf6 38. Qe8 Qb8 39. Qc6 Qb6 40. Qe8
Qb8 41. Qc6 1/2-1/2

[Event "Ä13Â"]
[Site "Loo"]
[Date "2017.04.28"]
[Round "9.16"]
[White "Ôðîëîâà, Ëàäà."]
[Black "Áîðîäêèíà, Ñîôèÿ."]
[Result "0-1"]
[WhiteElo "1475"]
[BlackElo "1576"]
[PlyCount "94"]
[EventDate "2017.04.20"]

1. e4 c5 2. c3 d5 3. exd5 Qxd5 4. d4 cxd4 5. cxd4 e6 6. Nf3 Nc6 7. Nc3 Qd8 8.
Bd3 Nf6 9. O-O Be7 10. a3 O-O 11. Bf4 a6 12. Rc1 Kh8 13. Bc2 b6 14. Ne4 Nd5 15.
Bg5 Bb7 16. Bxe7 Ncxe7 17. Neg5 Ng6 18. Ne4 h6 19. Ng3 Ndf4 20. Be4 Bd5 21. Re1
Qd6 22. Qd2 Rac8 23. h3 Rfd8 24. Rxc8 Rxc8 25. Rc1 Rc6 26. Rxc6 Qxc6 27. Bxd5
Qxd5 28. Qc3 Kh7 29. Qe3 Qa2 30. Qd2 Qb3 31. Ne5 Nxe5 32. Qxf4 Ng6 33. Qxf7
Qd1+ 34. Kh2 Qxd4 35. Qxe6 Qxf2 36. b3 Qxg2+ 37. Kxg2 Nf4+ 38. Kf3 Nxe6 39. Ne2
Kg6 40. b4 Kf5 41. h4 g5 42. hxg5 hxg5 43. Ke3 Ke5 44. a4 Nf4 45. b5 axb5 46.
axb5 Nxe2 47. Kxe2 g4 0-1

[Event "Ä13Â"]
[Site "Loo"]
[Date "2017.04.28"]
[Round "9.17"]
[White "Êàìàðîâà, Æàíáîòà."]
[Black "Ïàëü÷óí, Ïîëèíà."]
[Result "1/2-1/2"]
[WhiteElo "1501"]
[BlackElo "1444"]
[PlyCount "97"]
[EventDate "2017.04.20"]

1. d4 d5 2. c4 e6 3. Nf3 Nf6 4. g3 Bb4+ 5. Bd2 Be7 6. Bg2 O-O 7. Qc2 Nbd7 8.
O-O c6 9. Rd1 Re8 10. Be1 Qb6 11. b3 Nf8 12. Nc3 Ng6 13. e4 dxe4 14. Nxe4 Nxe4
15. Qxe4 Bd7 16. Bc3 a5 17. Qc2 Bf6 18. Rd2 Rad8 19. Rad1 Ne7 20. Ne5 Ng6 21.
Nxg6 hxg6 22. Kh1 Qc7 23. Rc1 Bg5 24. f4 Bf6 25. d5 exd5 26. Bxf6 gxf6 27. cxd5
Rc8 28. Qb2 Kg7 29. dxc6 Bxc6 30. Bxc6 bxc6 31. Rcd1 Red8 32. Qc3 Rxd2 33. Qxd2
Qe7 34. Rc1 Qe4+ 35. Kg1 Rd8 36. Qxd8 Qe3+ 37. Kg2 Qxc1 38. Qxa5 Qc2+ 39. Kh3
Qe2 40. b4 Qf1+ 41. Kh4 Qe2 42. h3 g5+ 43. fxg5 Qe4+ 44. g4 Qh7+ 45. Kg3 Qd3+
46. Kf4 Qd4+ 47. Kg3 Qd3+ 48. Kf2 Qd2+ 49. Kg3 1/2-1/2

[Event "Ä13Â"]
[Site "Loo"]
[Date "2017.04.28"]
[Round "9.18"]
[White "Åìåëüÿíîâà, Åëåíà."]
[Black "Ìåëåí÷óê, Îëüãà."]
[Result "0-1"]
[WhiteElo "1504"]
[BlackElo "1631"]
[PlyCount "52"]
[EventDate "2017.04.20"]

1. e4 e5 2. Nf3 Nc6 3. Bc4 Nf6 4. d3 Bc5 5. c3 a6 6. Bb3 Ba7 7. Nbd2 d5 8. Qe2
Be6 9. O-O O-O 10. exd5 Nxd5 11. Nc4 Re8 12. Nfxe5 Nxe5 13. Nxe5 f6 14. Nf3 Kh8
15. Qd1 Bg4 16. d4 Qd6 17. h3 Bh5 18. Qd3 c6 19. Bxd5 cxd5 20. Bd2 Bg6 21. Bf4
Qxf4 22. Qd1 Bh5 23. Qb3 Bxf3 24. gxf3 Bb8 25. Rfe1 Qh2+ 26. Kf1 Qh1# 0-1

[Event "Ä13Â"]
[Site "Loo"]
[Date "2017.04.28"]
[Round "9.19"]
[White "Ñóðîâöåâà, Àëèñà."]
[Black "Ïîðòíîâà, Êñåíèÿ."]
[Result "0-1"]
[WhiteElo "1601"]
[BlackElo "1510"]
[PlyCount "62"]
[EventDate "2017.04.20"]

1. e4 c5 2. Nf3 d6 3. d4 cxd4 4. Qxd4 e5 5. Bb5+ Nd7 6. Qd3 h6 7. Nc3 Ngf6 8.
Be3 Be7 9. O-O-O O-O 10. Bxd7 Bxd7 11. h3 Qa5 12. g4 b5 13. g5 hxg5 14. Bxg5 b4
15. Bxf6 bxc3 16. Bxe7 Rfc8 17. Qd5 cxb2+ 18. Kb1 Qc7 19. Rd2 Ba4 20. Qd3 Qxe7
21. Qxd6 Bxc2+ 22. Kxb2 Rab8+ 23. Ka1 Qb7 24. Rxc2 Rxc2 25. Qa3 Qxe4 26. Re1
Re2 27. Rc1 Rxf2 28. Qd6 Qb7 29. Qxe5 Rxa2+ 30. Kxa2 Qb3+ 31. Ka1 Qa3# 0-1

[Event "Ä13Â"]
[Site "Loo"]
[Date "2017.04.28"]
[Round "9.20"]
[White "Ôåäîðè÷åâà, Åêàòåðèíà."]
[Black "Êðàìàðåíêî, Åëåíà."]
[Result "1/2-1/2"]
[WhiteElo "1482"]
[BlackElo "1527"]
[PlyCount "100"]
[EventDate "2017.04.20"]

1. e4 c5 2. Nf3 Nc6 3. d4 cxd4 4. Nxd4 Nf6 5. Nc3 e5 6. Ndb5 d6 7. Bg5 a6 8.
Na3 b5 9. Nd5 Be7 10. Bxf6 Bxf6 11. c3 O-O 12. Bd3 Bg5 13. O-O Ne7 14. Nxe7+
Qxe7 15. Nc2 Be6 16. a4 Qb7 17. axb5 axb5 18. Qe2 f5 19. exf5 Bxf5 20. Bxf5
Rxf5 21. Rxa8+ Qxa8 22. Qxb5 Qf8 23. Qd5+ Kh8 24. b4 h6 25. c4 h5 26. b5 Bd8
27. Ne3 Rf4 28. Qc6 Bg5 29. Nd5 Rf7 30. b6 e4 31. b7 e3 32. f4 e2 33. Re1 Bxf4
34. Qc8 Be5 35. Qxf8+ Rxf8 36. Rxe2 Bd4+ 37. Ne3 Rb8 38. Kf2 Rxb7 39. Rd2 Rf7+
40. Ke2 Bc5 41. g3 Kh7 42. Rd5 Kg6 43. h4 Re7 44. Rd3 Kf6 45. Kf3 Rxe3+ 46.
Rxe3 Bxe3 47. Kxe3 Ke5 48. Kd3 Kf5 49. Ke3 Kg4 50. Kf2 Kf5 1/2-1/2

[Event "Ä13Â"]
[Site "Loo"]
[Date "2017.04.28"]
[Round "9.21"]
[White "Ðàçóâàåâà, Åêàòåðèíà."]
[Black "Èçáåêîâà, Åâäîêèÿ."]
[Result "0-1"]
[WhiteElo "1270"]
[BlackElo "1518"]
[PlyCount "56"]
[EventDate "2017.04.20"]

1. e4 c5 2. Nf3 d6 3. d4 cxd4 4. Nxd4 Nf6 5. Nc3 e6 6. f4 a6 7. Be3 Nc6 8. Be2
Be7 9. O-O O-O 10. a3 Qc7 11. Rf3 Ng4 12. Nxc6 bxc6 13. Qd3 Nxe3 14. Qxe3 Qa7
15. Qxa7 Rxa7 16. Raf1 Bd7 17. b4 Rb8 18. Rb1 d5 19. e5 a5 20. Na2 axb4 21.
Rfb3 c5 22. c3 c4 23. R3b2 b3 24. Rd1 Bxa3 25. Rbb1 Bc5+ 26. Kh1 Rxa2 27. Bxc4
dxc4 28. Rxd7 b2 0-1

[Event "Ä13Â"]
[Site "Loo"]
[Date "2017.04.28"]
[Round "9.22"]
[White "Íèêîëàåâà, Íàäåæäà."]
[Black "Êóäðÿâöåâà, Àíàñòàñèÿ."]
[Result "1/2-1/2"]
[WhiteElo "1611"]
[BlackElo "1413"]
[PlyCount "96"]
[EventDate "2017.04.20"]

1. d4 Nf6 2. c4 g6 3. Nf3 Bg7 4. g3 O-O 5. Bg2 d6 6. O-O Nc6 7. Nc3 a6 8. a3
Rb8 9. Qd3 Bg4 10. e3 Re8 11. h3 Bxf3 12. Bxf3 e5 13. d5 Ne7 14. e4 Nd7 15. g4
Nc5 16. Qc2 b5 17. b4 Nd7 18. cxb5 axb5 19. Qd3 Nf6 20. Nxb5 Nexd5 21. g5 Nf4
22. Bxf4 Nxe4 23. Bxe4 exf4 24. h4 Bxa1 25. Rxa1 Rxb5 26. Qxb5 Rxe4 27. Qd5 Qe8
28. Kg2 Qe5 29. Qxe5 Rxe5 30. Kf3 Rb5 31. Kxf4 c5 32. Rb1 cxb4 33. Rxb4 Ra5 34.
a4 Kf8 35. Ke3 Ke7 36. Rd4 Kd7 37. Rf4 Ke6 38. Kd3 d5 39. Kc3 Ra7 40. Rd4 Ke5
41. f4+ Kd6 42. Rb4 Kc6 43. Kd4 Ra8 44. Kd3 Ra7 45. Kc3 Ra8 46. Kd3 Ra5 47. Kc3
Ra7 48. Kd3 Ra5 1/2-1/2

[Event "Ä13Â"]
[Site "Loo"]
[Date "2017.04.28"]
[Round "9.23"]
[White "Íèêóëèíà, Àíàñòàñèÿ."]
[Black "Ëåñíûõ, Æàííà."]
[Result "0-1"]
[WhiteElo "1562"]
[BlackElo "1513"]
[PlyCount "112"]
[EventDate "2017.04.20"]

1. e4 c5 2. Nf3 e6 3. d4 cxd4 4. Nxd4 a6 5. Nc3 Qc7 6. g3 Nf6 7. Bg2 Be7 8. O-O
O-O 9. Be3 d6 10. a4 Nbd7 11. Qd2 Ne5 12. b3 Bd7 13. Nf3 Nxf3+ 14. Bxf3 Rac8
15. e5 dxe5 16. Na2 Rfd8 17. Qe1 Nd5 18. c4 Nxe3 19. Qxe3 Bc5 20. Qe2 Bc6 21.
Bxc6 Qxc6 22. Rad1 Bd4 23. Rd2 Qb6 24. Qf3 e4 25. Qxe4 Qxb3 26. Rxd4 Rxd4 27.
Qxd4 Qxa2 28. Rd1 Qxa4 29. Qd8+ Qe8 30. Qb6 Rb8 31. c5 h6 32. Rc1 Qd8 33. Qb4
a5 34. Qa4 Qc7 35. Qa3 Rc8 36. Ra1 Qxc5 37. Qxa5 Qxa5 38. Rxa5 Rb8 39. Rb5 Kf8
40. Kg2 Ke7 41. Kf3 Kd6 42. Ke4 Kc6 43. Rb2 b5 44. Kd4 Rd8+ 45. Kc3 Kc5 46. f4
Rd1 47. Kb3 Rd4 48. Rc2+ Rc4 49. Re2 Rd4 50. Rc2+ Kb6 51. Rf2 b4 52. f5 e5 53.
f6 g6 54. Re2 e4 55. Re3 Rd3+ 56. Rxd3 exd3 0-1

[Event "Ä13Â"]
[Site "Loo"]
[Date "2017.04.28"]
[Round "9.24"]
[White "Ãðèãîðÿí, Ñîíà."]
[Black "Ðåãåð, Âàëåðèÿ."]
[Result "0-1"]
[WhiteElo "1527"]
[BlackElo "1388"]
[PlyCount "62"]
[EventDate "2017.04.20"]

1. e4 e6 2. d4 d5 3. Nc3 Bb4 4. exd5 exd5 5. Nf3 Nf6 6. Bd3 O-O 7. O-O c6 8.
Bg5 Nbd7 9. Ne5 Bd6 10. f4 Qb6 11. Kh1 Qxb2 12. Nxd7 Nxd7 13. Qh5 f5 14. Ne2
Nf6 15. Qh3 Ng4 16. Qf3 Re8 17. Ng3 Qxd4 18. Bxf5 Ne3 19. Bxh7+ Kf8 20. Bg6
Nxf1 21. Qh5 Nxg3+ 22. hxg3 Qxa1+ 23. Kh2 Be6 24. Qh8+ Bg8 25. Qh3 Be7 26. Qf5+
Bf6 27. Bh4 Re1 28. g4 Rh1+ 29. Kg3 Qe1+ 30. Kf3 Rf1+ 31. Bf2 Qxf2# 0-1

[Event "Ä13Â"]
[Site "Loo"]
[Date "2017.04.28"]
[Round "9.25"]
[White "Öàìàëàèäçå, Ëèàíà."]
[Black "Þñóïîâà, Ýëèíà."]
[Result "1-0"]
[WhiteElo "1349"]
[BlackElo "1481"]
[PlyCount "59"]
[EventDate "2017.04.20"]

1. e4 c5 2. Nf3 d6 3. d4 cxd4 4. Nxd4 Nf6 5. Nc3 g6 6. Be3 Bg7 7. f3 O-O 8. Be2
Nc6 9. Qd2 Bd7 10. O-O-O Rc8 11. h4 Ne5 12. Bh6 Nc4 13. Bxc4 Rxc4 14. Bxg7 Kxg7
15. g4 a5 16. h5 a4 17. hxg6 fxg6 18. Qh6+ Kg8 19. g5 Nh5 20. Rxh5 Rf7 21. Rh2
Qb6 22. Nd5 Qc5 23. Rhd2 Qa7 24. f4 Bg4 25. Nb5 Qc5 26. Nxd6 Bxd1 27. Nxc4 Bh5
28. c3 Bf3 29. Rd4 b5 30. Ne5 1-0

[Event "Ä13Â"]
[Site "Loo"]
[Date "2017.04.28"]
[Round "9.26"]
[White "Äîðîõèíà, Åëèçàâåòà."]
[Black "Ñòàêèíà, Ìåëèññà."]
[Result "1/2-1/2"]
[WhiteElo "1452"]
[BlackElo "1429"]
[PlyCount "72"]
[EventDate "2017.04.20"]

1. e4 e5 2. Nf3 Nc6 3. d4 exd4 4. Nxd4 Nf6 5. Nxc6 bxc6 6. Bd3 Bb4+ 7. c3 Ba5
8. O-O h6 9. Nd2 O-O 10. h3 Bb6 11. Nf3 d5 12. Qc2 Re8 13. Re1 Bb7 14. Bf4 a5
15. Rad1 Qc8 16. exd5 cxd5 17. Rxe8+ Qxe8 18. Re1 Qf8 19. Be3 Qd6 20. Qb3 Re8
21. Bxb6 Rxe1+ 22. Nxe1 Qxb6 23. Qxb6 cxb6 24. Nf3 Kf8 25. Kf1 Ke7 26. Ke2 Kd6
27. Nd4 g6 28. g3 Ne4 29. g4 Nc5 30. Bc2 Ke5 31. Ke3 Bc8 32. Nc6+ Kd6 33. Nd4
Ke5 34. Nc6+ Kd6 35. Nd4 Ke5 36. Nc6+ Kd6 1/2-1/2